000 00717nam a22002297a 4500
003 UA-OsUOA
001 48545
007 ta
008 20070907b un ||||| |||| 00| 0 ukr d
100 _aПивоваров М.П.
090 _a82.09
_bП32
942 _cBK
040 _aUA-OsUOA
_bukr
_cUA-OsUOA
_dUA-OsUOA
245 _aМайстерність психологічного аналізу (Роман "Повія" Панаса Мирного)
300 _a125 с.
955 _a2
041 _aukr
080 _a82.09
260 _aК.
_bВидавництво академії наук УРСР
_c1960
650 7 _a82 Література. Літературознавство
_2UDC
999 _c334645
_d334645